Πολιτεία ανθρώπου : η αριστερά στη δίνη της χιλιετίας
Saved in:
| Main Author: | |
|---|---|
| Format: | Book |
| Language: | Greek |
| Published: |
Αθήνα :
Λιβάνη,
c 1997.
|
| Series: | Πολιτική (Εκδοτικός Οργανισμός Λιβάνη)
|
| Subjects: | |
| Tags: |
Add Tag
No Tags, Be the first to tag this record!
|
MARC
| LEADER | 00000cam a2200000 i 4500 | ||
|---|---|---|---|
| 001 | 1/32964 | ||
| 008 | 030218s1997 gr | ||| |||| ||gre|| | ||
| 020 | |a 9602368497 | ||
| 035 | |l 10069428 | ||
| 040 | |a GR-MY-UA |b gre |e aacr | ||
| 041 | 0 | |a gre | |
| 082 | 7 | |a 320.9495 |2 (22) | |
| 100 | 1 | |a Σκανδαλίδης, Κώστας, |d 1953- | |
| 245 | 1 | 0 | |a Πολιτεία ανθρώπου : |b η αριστερά στη δίνη της χιλιετίας / |c Κώστας Σκανδαλίδης. |
| 260 | |a Αθήνα : |b Λιβάνη, |c c 1997. | ||
| 300 | |a 417 σ. ; |c 24 εκ. | ||
| 490 | 1 | |a Πολιτική (Εκδοτικός Οργανισμός Λιβάνη) | |
| 504 | |a Περιλαμβάνει βιβλιογραφία. | ||
| 650 | 0 | 0 | |a Political parties |z Greece. |
| 651 | 0 | |a Greece |x Politics and government. | |
| 830 | 0 | |a Πολιτική (Εκδοτικός Οργανισμός Λιβάνη) | |
| 852 | |a INST |b RHODES |e 20030218 |h 320.9495 ΣΚΑ |p 005400015760 |q 005400015760 |t BK |y 0 | ||
| 852 | |a INST |b RHODES |e 20030218 |h 320.9495 ΣΚΑ |p 005400015761 |q 005400015761 |t BK |y 0 | ||
| 901 | |a BIBL4-2003-1 | ||
| 909 | |a Ρ |b 101698 | ||
| 909 | |a Ρ |b 101699 | ||
| 970 | |z 2003/02/17 | ||